000
00324pab a2200133 454500
008
180718b1983 xxu||||| |||| 00| 0 eng d
245
_a
Special report on international finance
260
_c
1983
300
_a
17-26
362
_a
7 Mar.
650
_a
International Economic Relations
773
_a
Capital
909
_a
11264
999
_c
11264
_d
11264